000 00284nam a2200109Ia 4500
008 200302s9999 xx 000 0 und d
100 _aTillotson G. H. R.
245 _aArchitectural Guides for Travellers Mughal India
260 _bPenguin Books Ltd.
260 _c1990
300 _a150 P.,
999 _c909
_d909